000
00190nam a2200073Ia 4500
008
180219s9999 xx 000 0 und d
100
_a
Gupta S
245
0
_a
Education In Emerging In India
260
_a
Shipra Publishing House
999
_c
41093
_d
41093